Регионална библиотека "Любен Каравелов" - Русе

До последния час (Запис номер 447643)

MARC детайли
000 -Лидер
Контролно поле с фиксирана дължина 01073nam a2200313 a 4500
003 - Код на организацията, давaща контролен номер
Контролно поле BLK
005 - Дата и час на последна редакция
Контролно поле 20240527141730.0
008 - Елементи от данни с фиксирана дължина
fixed length control field 180410b bul|||||r ||||||| ||bul||
040 ## - Източник на каталожния запис
Идентификатор на билиотеката - собственик на записа BLK
041 ## - Код за език
Код за езика на текст/звукозапис или на отделно заглавие Български
Код за езика КДБФ Български
080 ## - УДК
Текстов определител УДК Персоналии на дейци на партията
УДК код - определител по УДК 329(092)
УДК определител (062)
УДК - код + определител 329(092)(062)
100 ## - Редна дума - Автор
R(LIN) 368890
Автор Душков, Живодар Иванов
139 ## - Редно поле
Авторски знак Тои - Т 65
245 10 - Сведения за заглавието
Заглавие До последния час
Подзаглавни данни Георги Ангелов Токушев
Физически носител (вид на носителя) [Малотир. изд.]
Редно поле (дума) Живодар Душков
260 ## - Област на издателските данни
Място на издаване, разпространение и проч. Русе
Име на издателя, разпространителя и проч. ОК на БКП - Русе
Година на издаване 1986
9 (RLIN) 218041
300 ## - Физическа характеристика
Страници 53 с.
Размери/Мащаб 21 см
380 ## - Жанр
Жанр Обществени науки
500 ## - Общи забележки
Забележка Окръжен партиен архив.
650 #0 - Допълнително описание по предмет – тема
9 (RLIN) 317889
Основно описание – тема или топоним БКП - Русенски край - дейци
653 #7 - Ключова дума – ненормативна
9 (RLIN) 198407
Ключова дума Георги Токушев
852 ## - Местоположение
Фондова буква Краезнание
Систематично-азбучна сигнатура К 32/Т 65
856 4# - Електронен адрес и достъп
Електронен формат pdf - файл
856 4# - Електронен адрес и достъп
Електронен формат pdf - файл
942 ## - АРТИКУЛИ
Вид на библиотечния материал Книги
Скрит в OPAC Не
Периодичен библиозапис Да
944 ## - СЪЗДАВАНЕ И РЕДАКЦИЯ на ЗАПИСА
Създаване/Редакция Създаване
Дата на регистрацията/редакция 2022-03-08
Служител, извършил регистрацията/редакцията 30549
Статус, дата на статуса Вася Ганчева
999 ## - СИСТЕМНИ КОНТРОЛНИ НОМЕРА
Koha biblionumber 447643
Koha biblioitemnumber 447643
999 ## - СИСТЕМНИ КОНТРОЛНИ НОМЕРА
Koha biblioitemnumber 447643
999 ## - СИСТЕМНИ КОНТРОЛНИ НОМЕРА
Koha biblioitemnumber 447643
999 ## - СИСТЕМНИ КОНТРОЛНИ НОМЕРА
Koha biblioitemnumber 447643
Наличности
Код за отписване Код за изгубен артикул Източник на класификационната схема Код за повреда Коз за рестрикции Код за отдаване Артикулен № Име на библиотеката - собственик Име на библиотеката, в която се намира в момента Статус (Текущо местоположение) Дата на вписване в системата Местоположение - отдел Цена в лева Систематично азбучна сигнатура Баркод Цена в евро Служебен тип на артикула
  Не е изгубен Universal Decimal Classification Не е повреден само за читалня ползва се в читалня 875550 Регионална библиотека "Любен Каравелов" Русе Регионална библиотека "Любен Каравелов" Русе Краезнание 2022-03-15 Краезнание 2.00 К 32/Т 65 120000868216 1.02 Книги
Vip Innovations Ltd, Rousse, Bulgaria 2025